Liste des épisodes de Friends avec un indice - Statistiques

Statistiques générales
  • Ce quiz a été pris 169 fois
  • Le résultat moyen est 62 sur 226
Statistiques - réponses
Saison Episode Définition Réponse % Correct
Saison 1 1 S'installe ailleurs Celui qui {déménage}
90%
Saison 1 5 Lessive Celui qui {lave} plus blanc
67%
Saison 1 4 Clooney ou Washington Celui avec {George}
54%
Saison 3 2 Empire de Satan Celui qui a du {mal} à se préparer
49%
Saison 2 14 Rassemblement de cavaliers Celui qui a failli aller au {bal} de promo
48%
Saison 3 1 Caroline ou Grace Celui qui rêvait de la {princesse} Leia
47%
Saison 4 23 & 24 Convole Celui qui se {marie}
47%
Saison 2 3 Plus bas Celui qui est mort dans l'appart' du {dessous}
46%
Saison 1 15 Sautent en fondant Celui qui pète les {plombs}
46%
Saison 2 12 & 13 Récupère Celui qui {retrouve} son singe
45%
Saison 6 15 & 16 Pouvoir relevant du passé Ce qui aurait {pu} se passer
45%
Saison 2 15 Familier pour malentendant Celui qui a fait on ne sait {quoi} avec Rachel
44%
Saison 2 6 Nom d'un petit bonhomme Celui qui a oublié un {bébé} dans le bus
44%
Saison 8 23 & 24 Se fait toujours attendre Celui qui avait un {bébé}
44%
Saison 2 2 Du côté d'un parent Celui qui détestait le lait {maternel}
44%
Saison 6 3 Néfaste Celui qui était de {mauvaise} foi
44%
Saison 5 9 voler Celui qui s'était fait {piquer} son sandwich
44%
Saison 2 16 Dure à gagner Celui qui vit sa {vie}
44%
Saison 6 8 Notes Celui qui avait les dents {blanches}
43%
Saison 6 24 & 25 Supplique Celui qui faisait sa {demande}
43%
Saison 9 1 Quémandé Celui qui n'avait {demandé} personne en mariage
43%
Saison 2 23 Maladie infantile Celui qui attrape la {varicelle}
42%
Saison 3 8 Chef Celui qui avait pris un coup sur la {tête}
42%
Saison 7 9 Bicyclette Celui qui offrait un {vélo}
42%
Saison 4 1 Rappel douloureux Celui qui soignait les {piqûres} des méduses
42%
Saison 2 7 Le baba en tombe Celui qui tombe des {nues}
42%
Saison 7 23 & 24 Lewinski ou Belluci Celui qui a épousé {Monica}
41%
Saison 1 14 Il offre son coeur Celui qui avait un coeur d'{artichaut}
41%
Saison 8 11 Simple sans retour Celui qui ne voulait pas {aller} plus loin
41%
Saison 1 9 A terre pour foncer Celui qui parle au {ventre} de sa femme
41%
Saison 7 10 Costumait Celui qui se {déguisait}
41%
Saison 10 4 Charlotte ou Madeleine Celui qui transformait le {gâteau} d'anniversaire
41%
Saison 5 2 Bécotait Celui qui {embrassait}
40%
Saison 2 24 Etreignait Celui qui {embrassait} mal
40%
Saison 10 12 Peut être peinard Celui qui jouait le rôle du {père}
40%
Saison 3 11 Et aussi Celui qui ne s'y retrouvait {plus}
40%
Saison 9 11 Souhaitait Celui qui ne {voulait} plus de bébé
40%
Saison 6 21 Fabricant de fils Celui qui rencontrait le {père}
40%
Saison 1 19 Boeuf en conserve Celui qui a perdu son {singe}
39%
Saison 4 4 Valser ou smurfer Celui qui apprenait à {danser}
39%
Saison 1 21 A son pont et son pain Celui qui avait un {singe}
39%
Saison 9 14 Placer Celui qui se faisait {poser} un lapin
39%
Saison 6 13 Mettait le nez dehors Celui qui {sortait} avec la soeur
39%
Saison 2 4 Braqué à fond Celui qui avait {viré} de bord
38%
Saison 7 21 Fin de messe Celui qui écrivait {ses} voeux
38%
Saison 10 16 Derniers saluts Celui qui n'aimait pas les {adieux}
38%
Saison 6 14 Montrer sa peine Celui qui ne pouvait pas {pleurer}
38%
Saison 9 9 Déclarer Celui qui n'osait pas {dire} la vérité
38%
Saison 8 21 Engagement Celui qui passait un entretien d'{embauche}
38%
Saison 4 11 Torture d'autrefois Celui qui posait une {question} embarrassante
38%
Saison 2 17 Substitue Celui qui {remplace} celui qui part
38%
Saison 4 9 Complément de savoir Celui qui savait {faire} la fête
38%
Saison 8 1 Affirmatif pour le gendarme Celui qui venait de dire {oui}
38%
Saison 3 9 Nougat populaire Celui pour qui le foot c'est pas le {pied}
37%
Saison 1 7 Electricité populaire Celui qui a du {jus}
37%
Saison 5 1 Affirme Celui qui avait {dit} Rachel
37%
Saison 3 3 Mamour Celui qui avait la technique du {câlin}
37%
Saison 1 18 Son coup est audacieux Celui qui gagnait au {poker}
37%
Saison 9 16 Récompense le deuxième Celui qui prêtait de l'{argent}
37%
Saison 7 16 Sur la Tamise Celui qui savait la vérité sur {Londres}
37%
Saison 8 7 Conserver Celui qui voulait {garder} Rachel
37%
Saison 8 17 Fanes Celui qui voyait dans les {feuilles} de thé
37%
Saison 7 17 Dame blanche Celui qui voyait la robe de {mariée}
37%
Saison 9 3 Spécialiste des petits Celui qui allait chez le {pédiatre}
36%
Saison 9 10 Nom d'un père très attendu Celui qui passait {Noël} à Tulsa
36%
Saison 10 8 Dur moment pour les dindes Celui qui ratait {Thanksgiving}
36%
Saison 7 3 Bien fondé Celui qui s'était mal {assis}
36%
Saison 10 17 & 18 Partaient Ceux qui s'en {allaient}
36%
Saison 8 2 Pull molletonné Celui qui avait un {sweat} rouge
35%
Saison 8 12 Autrefois sacrée sur TF1 Celui qui passait une {soirée} avec Rachel
35%
Saison 1 3 Emploi d'artiste Celui qui a un {rôle}
34%
Saison 10 7 Bras droit Celui qui bluffait l'{assistante} sociale
34%
Saison 3 7 Peut avoir plusieurs maîtresses Celui qui était prof et {élève}
34%
Saison 1 24 César est son roi Celui qui fait craquer {Rachel}
34%
Saison 7 4 Fonction Celui qui retrouvait son {rôle}
34%
Saison 1 22 Pouvoir Celui qui rêve par {procuration}
34%
Saison 5 20 Mettait à l'abri Celui qui {sauvait} des vies
34%
Saison 6 10 Convoitait Celui qui {souhaitait} la bonne année
34%
Saison 1 12 Plat de trattoria Celui qui aimait les {lasagnes}
33%
Saison 8 22 Après la générale Celui qui assistait à la {première}
33%
Saison 9 5 Clopé Celui qui avait {fumé}
33%
Saison 4 5 Débutante Celui qui avait une {nouvelle} copine
33%
Saison 5 22 A frites ou de chantier Celui qui devait casser la {baraque}
33%
Saison 5 23 Une ville qui flambe Celui qui était à {Las Vegas}
33%
Saison 2 8 Type gauche Celui qui a été très {maladroit}
32%
Saison 10 2 Trop peut-être Celui qui allait {très} bien
32%
Saison 8 9 Aller au galop Celui qui avait fait {courir} la rumeur
32%
Saison 3 22 Il est traversé par une colonne Celui qui avait un truc dans le {dos}
32%
Saison 3 17 Plaqué Celui qui était {laissé} pour compte
32%
Saison 9 7 Mademoiselle Celui qui faisait rire sa {fille}
32%
Saison 7 20 Bécot Celui qui fantasmait sur le {baiser}
32%
Saison 6 12 Imaginait Celui qui {inventait} des histoires
32%
Saison 10 9 Génétique Celui qui rencontrait la mère {biologique}
32%
Saison 2 20 Articuler des mots Celui qui se met à {parler}
32%
Saison 3 6 Revoit en mémoire Celui qui se {souvient}
32%
Saison 4 20 Unir Celui qui va se {marier}
32%
Saison 5 8 Restent en mémoire Celui qui avait des {souvenirs} difficiles à avaler
31%
Saison 4 17 Accompagne la médaille Celui qui avait la {chaîne} porno
31%
Saison 6 11 Siège Celui qui avait le {derrière} entre deux chaises
31%
Saison 8 3 Prétention masculine Celui qui découvrait sa {paternité}
31%
Saison 4 12 Challenge Celui qui gagnait les {paris}
31%
Saison 7 18 César ou Oscar Celui qui récupérait le {prix}
31%
Saison 6 9 Camé Celui qui s'était {drogué}
31%
Saison 5 6 Rester coi Celui qui a du mal à se {taire}
30%
Saison 1 23 Délivrance Celui qui a failli rater l'{accouchement}
30%
Saison 3 10 Rendre son tablier Celui qui fait {démissionner} Rachel
30%
Saison 6 4 Canon Celui qui perdait sa {belle} assurance
30%
Saison 7 22 Croisait Celui qui {rencontrait} l'auteur de ses jours
30%
Saison 5 12 Trouvait comique Celui qui {riait} différemment
30%
Saison 3 15 Brouille Celui qui vivait mal la {rupture}
30%
Saison 7 13 Petite Rose espagnole Celui qui a vu mourir {Rosita}
29%
Saison 1 11 Ils sont l'enfer Celui qui était comme les {autres}
29%
Saison 4 6 Premier métier de Cendrillon Celui qui fréquentait une {souillon}
29%
Saison 5 11 Décisions fermes Celui qui prenait de bonnes {résolutions}
29%
Saison 1 16 & 17 Sa barbe est collante Celui qui qui devient {papa}
29%
Saison 3 16 Réchappé Celui qui a {survécu} au lendemain
28%
Saison 1 20 Docteur ès crocs Celui qui a un {dentiste} carié
28%
Saison 10 14 Abri du foyer Celui qui n'aimait pas la {maison}
28%
Saison 3 23 Dernier Celui qui voulait être {ultime} champion
28%
Saison 9 18 Roue de la fortune Celui qui voulait gagner à la {loterie}
28%
Episode spécial Reprennent contact Ceux qui se {retrouvent}
28%
Saison 3 24 Grève Celui qui allait à la {plage}
27%
Saison 9 20 Fermée Celui qui allait à une soirée {privée}
27%
Saison 10 5 Piston Celui qui écrivait une lettre de {recommandation}
27%
Saison 4 21 Appel des hôtes Celui qui envoie l'{invitation}
27%
Saison 1 13 Rafles Celui qui fait des {descentes} dans les douches
27%
Saison 9 19 Volait Celui qui {piquait} dans les hôtels
27%
Saison 9 4 Poisson vorace Celui qui regardait des {requins}
27%
Saison 6 23 Entoure le cigare Celui qui achetait la {bague}
26%
Saison 6 7 Partenaire de chambre Celui qui avait une jolie {colocataire}
26%
Saison 4 22 Preuve vivante Celui qui était le pire {témoin} du monde
26%
Saison 7 14 Lieu de Concile Ceux qui avaient {trente} ans
26%
Saison 6 1 Rebroussaient chemin Ceux qui {revenaient} de Las Vegas
26%
Saison 5 4 Irrecevable Celui qui accepte l'{inacceptable}
24%
Saison 7 15 Tête pensante Celui qui avait un {cerveau} neuf
24%
Saison 5 13 Le vider aide à régler les conflits Celui qui avait un {sac}
24%
Saison 8 16 Reconnaissait Celui qui {avouait} tout à Rachel
24%
Saison 9 6 Bidonnant Celui qui était le plus {drôle}
24%
Saison 4 15 A VII, XIII ou XV Celui qui jouait au {rugby}
24%
Saison 3 13 N'en démord pas Celui qui {persiste} et signe
24%
Saison 8 6 Fête qui coûte bonbon Celui qui perturbait {Halloween}
24%
Saison 9 23 & 24 Repaire des flibustiers Celui qui allait à la {Barbade}
23%
Saison 5 10 Bonne ou petite pour les pauvres Celui qui avait une {soeur} un peu spéciale
23%
Saison 3 19 Marcel emmanché Celui qui avait un {tee-shirt} trop petit
23%
Saison 6 18 Future licenciée Celui qui sortait avec une {étudiante}
23%
Saison 10 3 Hâler Celui qui avait décidé de {bronzer}
22%
Saison 7 19 Bette ou Germaine Celui qui avait une jolie {cousine}
22%
Saison 7 7 Refuge pour rats Celui qui avait un livre à la {bibliothèque}
22%
Saison 4 8 Grosse dans la fanfare Celui qui était dans la {caisse}
22%
Saison 6 17 Anguille orientale Celui qui avait l'{Unagi}
21%
Saison 4 7 Encombrement Celui qui poussait le {bouchon}
21%
Saison 10 11 Autrefois de Varsovie Celui qui trahissait le {pacte}
21%
Saison 8 15 Voyait Celui qui {visionnait} la vidéo de l'accouchement
21%
Saison 7 1 Ne doutait pas Celui qui {croyait} faire jeune
20%
Saison 5 16 On chérit les petits Celui qui enviait ses {amis}
20%
Saison 4 19 Desseins Celui qui faisait de grands {projets}
20%
Saison 4 14 Pêche Celui qui n'avait pas le {moral}
20%
Saison 5 15 Châtaignes Celui qui prenait des {coups}
20%
Saison 3 18 Envoutait des yeux Celui qui s'auto-{hypnotisait}
20%
Saison 7 5 Sans fin Celui qui avait {toujours} l'air bizarre
19%
Saison 8 14 Voie de garage Celui qui découvrait le {placard} secret
19%
Saison 2 18 S'effaçait Celui qui {disparait} de la série
19%
Saison 10 15 Prier de rester Celui qui faisait tout pour {retenir} Rachel
19%
Saison 5 7 Mis en demeure Celui qui {emménage}
18%
Saison 8 8 Elle dévoile tout... à la fin Celui qui engageait une {strip-teaseuse}
18%
Saison 9 21 Fertilité Celui qui faisait un test de {fécondité}
18%
Saison 2 19 Mettre les bouts Celui qui ne voulait pas {partir}
18%
Saison 2 5 Coiffure souple Celui qui se faisait passer pour {Bob}
18%
Saison 6 6 Mauvaise place Ceux qui passaient leur {dernière} nuit
18%
Saison 9 2 Transmission de bien Celui qui acceptait sa {mutation}
17%
Saison 7 12 Droit dans ses bottes Celui qui a passé la nuit {debout}
17%
Saison 6 20 Séance d'essai Celui qui avait une {audition}
17%
Saison 3 5 Bidouillait Celui qui {bricolait}
17%
Saison 6 2 Apaise Celui qui {console} Rachel
17%
Saison 2 11 Hymens Celui qui n'apprécie pas certains {mariages}
17%
Saison 2 1 Engagée volontaire Celui qui a une nouvelle {fiancée}
15%
Saison 9 22 Indicateur Celui qui avait besoin d'un {donneur}
15%
Saison 6 19 On ne franchit pas sa porte pourtant populaire Celui qui avait des problèmes de {frigo}
15%
Saison 8 13 Ordre britannique Celui qui découvrait les joies du {bain}
15%
Saison 5 5 Jours de repos Celui qui qui rate son {week-end}
15%
Saison 3 14 Appareillages Celui que les {prothèses} ne gênaient pas
14%
Saison 2 21 Mecs à micmacs Celui qui affronte les {voyous}
14%
Saison 1 2 Comme les pas dans la salle Celui qui est {perdu}
14%
Saison 9 8 Froissé Celui qui était {vexé}
14%
Saison 4 3 Mains enfantines Celui qui avait des {menottes}
13%
Saison 6 5 Caisse à champignon Celui qui avait une belle {bagnole}
13%
Saison 4 18 Jules ou Jim Celui qui cherche un {prénom}
13%
Saison 8 18 Supérieur à zéro Celui qui était trop {positif}
13%
Saison 10 1 Dire à l'oreille Celui qui n'arrivait pas à se {confier}
13%
Saison 4 2 A bonne langue mais mauvaise écriture Celui qui ne voyait qu'un {chat}
13%
Saison 4 10 Se gagne sur l'eau Celui qui draguait au {large}
12%
Saison 1 10 Parodiait tout bêtement Celui qui {singeait}
12%
Saison 8 4 Peut s'obtenir à la demande Celui qui avait une {vidéo}
11%
Saison 8 10 Protégeait Celui qui {défendait} sa soeur
11%
Saison 8 5 Cherchait des mines Celui qui {draguait} Rachel
11%
Saison 9 17 Courriers sans timbres Celui qui envoyait ses {e-mails}
11%
Saison 1 6 Chanceux Celui qui est {verni}
11%
Saison 1 8 N'y croit pas Celui qui {hallucine}
11%
Saison 7 2 Payait Celui qui {réglait} le mariage
11%
Saison 7 6 Sommes sommaires Celui qui aimait les petites {siestes}
10%
Saison 2 9 Restent froids en été Celui qui cassait les {radiateurs}
10%
Saison 7 8 Talons de tarot Celui qui n'aimait pas les {chiens}
10%
Saison 10 10 Bloquer Celui qui se faisait {coincer}
10%
Saison 10 13 Jargonnait Celui qui {baragouinait}
9%
Saison 5 14 Met au jour Celui qui {découvre} tout
9%
Saison 2 22 Entrave Celui qui faisait le {lien}
9%
Saison 4 16 Gourde Celui qui participait à une fête {bidon}
9%
Saison 9 13 Nécessite une pince Celui qui se faisait {épiler}
9%
Saison 6 22 Tragique Celui qui se la jouait {grave}
9%
Saison 3 21 S'excitait Celui qui {s'énervait}
9%
Saison 5 18 Se dévouait Celui qui se {sacrifiait}
9%
Saison 7 11 Spécialités new-yorkaises Celui qui aimait les {cheesecakes}
8%
Saison 3 20 Jeune sportif Celui qui avait un {poussin}
8%
Saison 3 12 Metteur en scène Celui qui était très {jaloux}
8%
Saison 5 19 Batifoler Celui qui ne savait pas {flirter}
8%
Saison 3 4 Pansements de doigt Celui qui ne supportait pas les {poupées}
8%
Saison 8 19 Poser des questions Celui qui se faisait {interviewer}
8%
Saison 4 13 Se plantait Celui qui se {gourait} du tout au tout
8%
Saison 5 3 Héros de Nicole Lambert Celui qui a des {triplés}
7%
Saison 10 6 Don pour le théâtre Celui qui a failli avoir la {subvention}
7%
Saison 9 12 Gardienne de trésor Celui qui défendait sa {nounou}
7%
Saison 5 21 Pruneau indigeste Celui qui jouait à la {balle}
7%
Saison 8 20 Point fin Celui qui animait un jeu {stupide}
6%
Saison 2 10 Partage Celui qui se {dédouble}
6%
Saison 9 15 Malmener Celui qui se faisait {agresser}
5%
Saison 5 17 Se positionner Celui qui ne savait pas se {repérer}
3%
Aucun quiz correspondant
Distribution des résultats
% des personnes avec chaque résultat
Percentile par nombre de réponses
Votre historique - résultats
Vous n’avez pas pris ce quiz